000 01021nam a2200205Ia 4500
999 _c38055
_d38055
001 4041
003 GE_BSU
005 20190924105437.0
008 181216s1975||||ge |||||||||||||| ||geo||
040 _cGE_BSU
041 _ageo
080 _a39(479.223) ს–24
245 _aსამხრეთ-დასავლეთ საქართველოს ეთნოლოგიის პრობლემები :
_bმოსახლეობის კულტურისა და ყოფის საკითხები. N3 /
_cრედ. ალ. რობაქიძე.
264 _aთბილისი :
_bმეცნიერება,
_c1975.
300 _a108 გვ. ;
_b21 სმ.
653 _aსაქართველოს ეთნოლოგიის პრობლემები
653 _aკულტურისა და ყოფის საკითხები
700 _aრობაქიძე, ალ.
_eრედაქტორი
_94260
942 _cBK
_2udc